书目信息 |
| 题名: |
入唐求法巡礼行记校注
|
|
| 作者: | 圆仁 著 ;白化文 , 李鼎霞 , 许德楠 校注 | |
| 分册: | ||
| 出版信息: | 北京 中华书局 2019.10 |
|
| 页数: | 10,573页 | |
| 开本: | 21cm | |
| 丛书名: | 中外交通史籍丛刊 | |
| 单 册: | ||
| 中图分类: | K242.406 , B949.931.3 | |
| 科图分类: | ||
| 主题词: | 唐代--tang dai--历史--史料 | |
| 电子资源: | ||
| ISBN: | 978-7-101-14048-4 | |
| 000 | 01213oam2 2200325 450 | |
| 001 | 2131064426 | |
| 005 | 20211029202829.0 | |
| 010 | @a978-7-101-14048-4@dCNY66.00 | |
| 100 | @a20191121d2019 em y0chiy0120 ea | |
| 101 | 0 | @achi |
| 102 | @aCN@b110000 | |
| 105 | @ay z 001yy | |
| 106 | @ar | |
| 200 | 1 | @a入唐求法巡礼行记校注@Aru tang qiu fa xun li hang ji jiao zhu@f(日)圆仁著@g白化文,李鼎霞,许德楠校注 |
| 210 | @a北京@c中华书局@d2019.10 | |
| 215 | @a10,573页@d21cm | |
| 225 | 2 | @a中外交通史籍丛刊@Azhong wai jiao tong shi ji cong kan@v21 |
| 330 | @a本书中包含我国中唐时代政治、经籍、社会生活、宗教、地理、风俗制度以及中日关系等各方面极为丰富而生动的第一手资料。本书内容包括入唐求法巡礼行记四卷等。 | |
| 461 | 0 | @12001 @a中外交通史籍丛刊 |
| 600 | 0 | @a圆仁@Ayuan ren@c(Ennin@f794-864)@x日记 |
| 605 | @a《入唐求法巡礼行记》@Aru tang qiu fa xun li hang ji@x校勘 | |
| 606 | 0 | @a唐代@Atang dai@x历史@j史料 |
| 690 | @aK242.406@v5 | |
| 690 | @aB949.931.3@v5 | |
| 701 | 0 | @c(日)@a圆仁@Ayuan ren@4著 |
| 702 | 0 | @a白化文@Abai hua wen@4校注 |
| 702 | 0 | @a李鼎霞@Ali ding xia@4校注 |
| 702 | 0 | @a许德楠@Axu de nan@4校注 |
| 801 | 0 | @aCN@b百万庄@c20211029 |
| 905 | @b1313775-78@dK242.406@e57@f4 | |
| 入唐求法巡礼行记校注/(日)圆仁著/白化文,李鼎霞,许德楠校注.-北京:中华书局,2019.10 |
| 10,573页;21cm.-(中外交通史籍丛刊;21) |
| ISBN 978-7-101-14048-4:CNY66.00 |
| 本书中包含我国中唐时代政治、经籍、社会生活、宗教、地理、风俗制度以及中日关系等各方面极为丰富而生动的第一手资料。本书内容包括入唐求法巡礼行记四卷等。 |
| ● |
| 相关链接 |
|
|
|
|
正题名:入唐求法巡礼行记校注
索取号:K242.406/57
 
预约/预借
| 序号 | 登录号 | 条形码 | 馆藏地/架位号 | 状态 | 备注 |
| 1 | 1313775 | 213137755 | 第二样本阅览室/ [索取号:K242.406/57] | 在馆 | |
| 2 | 1313776 | 213137764 | 第二借阅区/ [索取号:K242.406/57] | 在馆 | |
| 3 | 1313777 | 213137773 | 第二借阅区/ [索取号:K242.406/57] | 在馆 | |
| 4 | 1313778 | 213137782 | 第二借阅区/ [索取号:K242.406/57] | 在馆 |